Estadísticas para Canciones de canserbero

Haz click aquí para intentar la prueba.

Estadísticas generales

  • Esta prueba ha sido intentada 72 veces
    (64 desde el último reinicio)
  • La puntuación promedio es 20 de 46

Estadísticas de respuestas

Canciones% Correcto
Es epico
88%
Maquiavelico
82%
De mi muerte
76%
Mundo de piedra
76%
Cest la mort
73%
Pensando en ti
73%
Vida
70%
Jeremias 17:5
67%
Llovia
64%
Y en un espejo vi
64%
Y la felicidad que
55%
CANbiate
52%
Epilogo
52%
Epilogo
52%
Ser Vero
52%
Valle de las sombras
52%
Ley del hielo
48%
Martillos y Ruedas
45%
Mucho Gusto
45%
Perdiendo la fe
45%
Aceptas
42%
Primer trago
42%
Prologo
42%
Prologo
42%
Sin mercy
42%
VIsiones
39%
Canpesino
36%
Clima Tropical
36%
Americanos
33%
Asi Mismo
33%
Cancion de la Prision
33%
Un dia en el barrio
33%
Advertencia
30%
Guia para la accion
30%
Hace falta soñar
30%
No justice
30%
Corazones de Piedra
27%
Unetenos
27%
El mundo ya se acabo
24%
Perdon
24%
Hora del juicio
21%
La Voz
21%
Ni de Oro ni Goldfield
21%
Quien eres
21%
Rialaif
18%
CAN You Heart It
6%

Distribución de puntuación

Porcentaje por número respondido

Porcentaje de gente con cada puntuación

Historial de tus puntuaciones

No has intentado esta prueba desde el último reinicio